00830nam a22001697a 4500999001500000008004100015020001800056082001400074100002000088245005000108260003200158300006100190500014600251650012500397942000800522952013000530 c8427d8428200120b ||||| |||| 00| 0 eng d a9788129137425 a361.1 BHA aBhagat, Chetan aMaking India awesome : bnew essays & columns aNew Delhi : bRupa, c2015. a177 pages : billustrations (black and white) ; c22 cm. aCollection subset: Social Welfare Bibliography note: Includes bibliographical references. Additional phys. form: Also available as an e-book. a Social problems -- India; India -- Politics and government -- 21st century; India -- Social conditions -- 21st century; 2ddc 00102ddc40708MAINaRTCLIBbRTCLIBcMAINd2020-01-20h14433l0o361.1 BHAp30014021r2020-01-20 00:00:00w2020-01-20yMAIN